[Event "Chess House GM-Tourney 2019"]
[Site "Aarhus"]
[Date "2019.02.16"]
[Round "8.2"]
[White "Kollars, Dmitrij"]
[Black "Bjerre, Jonas Buhl"]
[Result "1-0"]
[WhiteElo "2567"]
[BlackElo "2432"]
[Annotator "ChessBase"]
[PlyCount "181"]
[EventDate "2019.02.09"]
[EventType "tourn"]
[EventCountry "DEN"]
[SourceTitle "playchess.com"]
[Source "ChessBase"]
[SourceQuality "1"]
[TimeControl "40/5400+30:1800+30"]

1. e4 {[%emt 0:00:00]} c5 {[%emt 0:00:00]} 2. Nc3 {[%emt 0:00:00]} a6 {[%emt 0:00:13]} 3. g3 {[%emt 0:00:23]} b5 {[%emt 0:00:57]} 4. Bg2 {[%emt 0:00:17]} Bb7 {[%emt 0:00:25]} 5. d3 {[%emt 0:00:21]} e6 {[%emt 0:00:44]} 6. f4 {[%emt 0:00:54]} d5 {[%emt 0:01:02]} 7. f5 {[%emt 0:00:26]} d4 {[%emt 0:01:16]} 8. fxe6 {[%emt 0:00:09]} fxe6 {[%emt 0:00:35]} 9. Nce2 {[%emt 0:00:10]} e5 {[%emt 0:00:52]} 10. Nf3 {[%emt 0:00:14]} Bd6 {[%emt 0:01:56]} 11. c3 {[%emt 0:04:49]} Nf6 {[%emt 0:05:28]} 12. cxd4 {[%emt 0:00:32]} cxd4 {[%emt 0:00:52]} 13. O-O {[%emt 0:02:19]} Nbd7 {[%emt 0:06:31]} 14. Nh4 {[%emt 0:05:20]} O-O {[%emt 0:08:19]} 15. Nf5 {[%emt 0:01:01]} Nc5 {[%emt 0:05:04]} 16. b4 {[%emt 0:08:59]} Na4 {[%emt 0:04:27]} 17. Qb3+ {[%emt 0:02:52]} Kh8 {[%emt 0:01:32]} 18. Bg5 {[%emt 0:01:15]} h6 {[%emt 0:07:40]} 19. Qe6 {[%emt 0:13:55]} Bc8 {[%emt 0:07:03]} 20. Qxd6 {[%emt 0:00:51]} Qxd6 {[%emt 0:00:48]} 21. Nxd6 {[%emt 0:00:05]} hxg5 {[%emt 0:00:09]} 22. Nxd4 {[%emt 0:01:02]} exd4 {[%emt 0:06:02]} 23. e5 {[%emt 0:00:15]} Rb8 {[%emt 0:01:02]} 24. exf6 {[%emt 0:00:15]} gxf6 {[%emt 0:00:56]} 25. Ne4 {[%emt 0:08:37]} Kg7 {[%emt 0:10:15]} 26. Rac1 {[%emt 0:00:43]} Kg6 {[%emt 0:07:26]} 27. Nxf6 {[%emt 0:09:10]} Nc3 {[%emt 0:02:43]} 28. Nd5 {[%emt 0:02:50]} Rxf1+ {[%emt 0:04:56]} 29. Kxf1 {[%emt 0:00:50]} Nxd5 {[%emt 0:02:11]} 30. Bxd5 {[%emt 0:00:57]} Bf5 {[%emt 0:00:07]} 31. Rc6+ {[%emt 0:01:27]} Kg7 {[%emt 0:00:33]} 32. Be4 {[%emt 0:02:36]} Bxe4 {[%emt 0:02:04]} 33. dxe4 {[%emt 0:00:05]} Re8 {[%emt 0:00:46]} 34. Ke2 {[%emt 0:03:00]} Rxe4+ {[%emt 0:00:42]} 35. Kd3 {[%emt 0:01:13]} Re3+ {[%emt 0:00:53]} 36. Kxd4 {[%emt 0:00:05]} Ra3 {[%emt 0:00:16]} 37. Rc2 {[%emt 0:00:51]} Kf6 {[%emt 0:00:43]} 38. g4 {[%emt 0:04:44]} Ke6 {[%emt 0:02:26]} 39. Rf2 {[%emt 0:13:55]} Kd6 {[%emt 0:02:37]} 40. Ke4 {[%emt 0:09:44]} Ke6 {[%emt 0:03:41]} 41. Kd4 {[%emt 0:07:11]} Kd6 {[%emt 0:02:29]} 42. Rd2 {[%emt 0:02:23]} Ke6 {[%emt 0:05:09]} 43. Kc5 {[%emt 0:00:28]} Ke5 {[%emt 0:01:58]} 44. Rf2 {[%emt 0:00:11]} Ke4 {[%emt 0:01:05]} 45. Kb6 {[%emt 0:01:06]} Ra4 {[%emt 0:04:47]} 46. h3 {[%emt 0:01:49]} Rxb4 {[%emt 0:08:34]} 47. Kxa6 {[%emt 0:00:34]} Rb1 {[%emt 0:01:52]} 48. Rf5 {[%emt 0:00:51]} Rb2 {[%emt 0:02:25]} 49. Rxg5 {[%emt 0:01:00]} Rxa2+ {[%emt 0:00:57]} 50. Kxb5 {[%emt 0:00:05]} Rh2 {[%emt 0:00:06]} 51. Rh5 {[%emt 0:00:13]} Kf4 {[%emt 0:00:18]} 52. g5 {[%emt 0:02:49]} Kf5 {[%emt 0:02:33]} 53. h4 {[%emt 0:00:19]} Rb2+ {[%emt 0:01:23]} 54. Kc5 {[%emt 0:00:18]} Rc2+ {[%emt 0:00:22]} 55. Kd4 {[%emt 0:01:51]} Rd2+ {[%emt 0:00:28]} 56. Ke3 {[%emt 0:00:33]} Ra2 {[%emt 0:00:19]} 57. Rh6 {[%emt 0:00:31]} Rg2 {[%emt 0:01:45]} 58. Kf3 {[%emt 0:04:36]} Rg1 {[%emt 0:00:05]} 59. Rf6+ {[%emt 0:00:05]} Ke5 {[%emt 0:00:04]} 60. Ra6 {[%emt 0:00:59]} Kf5 {[%emt 0:00:28]} 61. Ra8 {[%emt 0:00:30]} Kg6 {[%emt 0:03:07]} 62. Rg8+ {[%emt 0:01:16]} Kf5 {[%emt 0:00:53]} 63. Rf8+ {[%emt 0:00:29]} Ke5 {[%emt 0:00:06]} 64. Rb8 {[%emt 0:00:42]} Kf5 {[%emt 0:00:23]} 65. Rb5+ {[%emt 0:00:18]} Kg6 {[%emt 0:00:05]} 66. Rb8 {[%emt 0:02:46]} Kf5 {[%emt 0:00:20]} 67. Rf8+ {[%emt 0:00:42]} Ke5 {[%emt 0:00:21]} 68. Ke3 {[%emt 0:01:03]} Rg4 {[%emt 0:01:11]} 69. Re8+ {[%emt 0:00:22]} Kf5 {[%emt 0:00:14]} 70. Rh8 {[%emt 0:00:09]} Ke5 {[%emt 0:00:52]} 71. Kd3 {[%emt 0:00:22]} Rg1 {[%emt 0:00:59]} 72. Rh6 {[%emt 0:00:23]} Kf5 {[%emt 0:00:48]} 73. Kd4 Rd1+ {[%emt 0:01:02]} 74. Kc5 {[%emt 0:01:02]} Ra1 {[%emt 0:01:40]} 75. g6 {[%emt 0:01:51]} Kf6 {[%emt 0:00:56]} 76. h5 {[%emt 0:00:11]} Rc1+ {[%emt 0:00:10]} 77. Kd4 {[%emt 0:01:00]} Rd1+ {[%emt 0:00:08]} 78. Ke3 {[%emt 0:00:05]} Re1+ {[%emt 0:00:12]} 79. Kf2 {[%emt 0:00:22]} Re7 {[%emt 0:01:06]} 80. Rh8 {[%emt 0:00:23]} Ra7 {[%emt 0:00:17]} 81. Ke3 {[%emt 0:00:40]} Ra3+ {[%emt 0:01:00]} 82. Kd4 {[%emt 0:00:11]} Ra4+ {[%emt 0:00:20]} 83. Kc5 {[%emt 0:00:11]} Rg4 {[%emt 0:01:12]} 84. Rh7 {[%emt 0:01:00]} Rg1 {[%emt 0:00:18]} 85. Kc6 {[%emt 0:01:24]} Rc1+ {[%emt 0:00:51]} 86. Kd7 {[%emt 0:00:08]} Rd1+ {[%emt 0:00:28]} 87. Ke8 {[%emt 0:00:46]} Ra1 {[%emt 0:00:40]} 88. Rd7 {[%emt 0:02:34]} Ra8+ {[%emt 0:00:11]} 89. Rd8 {[%emt 0:00:06]} Ra5 {[%emt 0:00:21]} 90. Kf8 {[%emt 0:00:30]} Rxh5 {[%emt 0:00:53]} 91. g7 {[%emt 0:00:16]} 1-0

[Event "Chess House GM-Tourney 2019"]
[Site "Aarhus"]
[Date "2019.02.16"]
[Round "8.3"]
[White "Olsen, Filip Boe"]
[Black "Grivas, Efstratios"]
[Result "1-0"]
[WhiteElo "2397"]
[BlackElo "2413"]
[Annotator "ChessBase"]
[PlyCount "147"]
[EventDate "2019.02.09"]
[EventType "tourn"]
[EventCountry "DEN"]
[SourceTitle "playchess.com"]
[Source "ChessBase"]
[SourceQuality "1"]
[TimeControl "40/5400+30:1800+30"]

1. d4 {[%emt 0:00:00]} f5 {[%emt 0:01:11]} 2. Nf3 {[%emt 0:00:00]} Nf6 {[%emt 0:00:22]} 3. g3 {[%emt 0:00:09]} g6 {[%emt 0:00:17]} 4. Bg2 {[%emt 0:00:08]} Bg7 {[%emt 0:00:08]} 5. O-O {[%emt 0:00:09]} O-O {[%emt 0:00:09]} 6. b3 {[%emt 0:00:07]} d6 {[%emt 0:01:41]} 7. Bb2 {[%emt 0:00:18]} Ne4 {[%emt 0:03:04]} 8. Nbd2 {[%emt 0:00:56]} Nc6 {[%emt 0:06:36]} 9. Ne1 {[%emt 0:01:39]} Nxd2 {[%emt 0:07:28]} 10. Qxd2 {[%emt 0:02:03]} Qe8 {[%emt 0:02:06]} 11. f4 {[%emt 0:15:23]} e5 {[%emt 0:04:17]} 12. fxe5 {[%emt 0:11:42]} dxe5 {[%emt 0:01:21]} 13. d5 {[%emt 0:00:29]} Nd8 {[%emt 0:05:57]} 14. c4 {[%emt 0:04:48]} Nf7 {[%emt 0:12:48]} 15. e4 {[%emt 0:06:38]} fxe4 {[%emt 0:11:07]} 16. Bxe4 {[%emt 0:03:17]} Bh6 {[%emt 0:03:50]} 17. Qe2 {[%emt 0:02:22]} Ng5 {[%emt 0:03:50]} 18. Bg2 {[%emt 0:04:47]} Nh3+ {[%emt 0:06:58]} 19. Kh1 {[%emt 0:07:15]} Bg4 {[%emt 0:00:35]} 20. Bf3 {[%emt 0:08:55]} Rxf3 {[%emt 0:20:25]} 21. Nxf3 {[%emt 0:01:34]} e4 {[%emt 0:00:02]} 22. Rae1 {[%emt 0:02:40]} Ng5 {[%emt 0:00:13]} 23. Qe3 {[%emt 0:10:40]} Bxf3+ {[%emt 0:00:32]} 24. Rxf3 {[%emt 0:00:07]} Nxf3 {[%emt 0:00:05]} 25. Qc3 {[%emt 0:04:07]} Qe5 {[%emt 0:05:39]} 26. Qxe5 {[%emt 0:00:19]} Nxe5 {[%emt 0:00:01]} 27. Bxe5 {[%emt 0:00:09]} Rc8 {[%emt 0:00:02]} 28. Kg2 {[%emt 0:00:27]} e3 {[%emt 0:00:02]} 29. Bf4 {[%emt 0:00:23]} Bxf4 {[%emt 0:01:06]} 30. gxf4 {[%emt 0:00:01]} c6 {[%emt 0:01:23]} 31. dxc6 {[%emt 0:05:21]} Rxc6 {[%emt 0:00:08]} 32. Rxe3 {[%emt 0:00:18]} Kf7 {[%emt 0:00:01]} 33. Kg3 {[%emt 0:01:37]} Rd6 {[%emt 0:00:28]} 34. Re5 {[%emt 0:01:17]} Rd3+ {[%emt 0:00:39]} 35. Kg4 {[%emt 0:00:31]} Rd2 {[%emt 0:00:51]} 36. Rb5 {[%emt 0:02:31]} b6 {[%emt 0:00:16]} 37. a4 {[%emt 0:00:12]} Rb2 {[%emt 0:01:02]} 38. h3 {[%emt 0:02:30]} Kf6 {[%emt 0:00:36]} 39. Kf3 {[%emt 0:02:19]} Ke6 {[%emt 0:00:41]} 40. Re5+ {[%emt 0:00:43]} Kf6 {[%emt 0:01:05]} 41. Rb5 {[%emt 0:30:56]} Ke6 {[%emt 0:30:13]} 42. Ke4 {[%emt 0:00:00]} Kd6 {[%emt 0:00:00]} 43. h4 {[%emt 0:00:00]} Kc6 {[%emt 0:00:00]} 44. a5 {[%emt 0:00:00]} Re2+ {[%emt 0:00:00]} 45. Kf3 {[%emt 0:00:00]} Rh2 {[%emt 0:00:00]} 46. Kg3 {[%emt 0:00:00]} Rh1 {[%emt 0:00:00]} 47. axb6 {[%emt 0:00:00]} axb6 {[%emt 0:00:00]} 48. f5 {[%emt 0:00:00]} Rb1 {[%emt 0:00:27]} 49. Kf4 {[%emt 0:00:00]} Rg1 {[%emt 0:02:50]} 50. fxg6 {[%emt 0:00:00]} Rxg6 {[%emt 0:00:07]} 51. Rg5 {[%emt 0:00:00]} Rd6 {[%emt 0:00:35]} 52. Rb5 {[%emt 0:01:10]} Rf6+ {[%emt 0:01:06]} 53. Kg5 {[%emt 0:00:22]} Rg6+ {[%emt 0:00:28]} 54. Kf4 {[%emt 0:00:33]} Rf6+ {[%emt 0:00:12]} 55. Kg4 {[%emt 0:00:29]} Rg6+ {[%emt 0:00:36]} 56. Rg5 {[%emt 0:00:14]} Re6 {[%emt 0:00:08]} 57. h5 {[%emt 0:00:54]} Re3 {[%emt 0:00:38]} 58. Rb5 {[%emt 0:00:10]} h6 {[%emt 0:00:49]} 59. Kf5 {[%emt 0:00:42]} Rg3 {[%emt 0:00:04]} 60. Kf6 {[%emt 0:00:10]} Kc7 {[%emt 0:01:21]} 61. Kf7 {[%emt 0:00:16]} Kc6 {[%emt 0:00:14]} 62. Ke7 {[%emt 0:00:37]} Rf3 {[%emt 0:00:24]} 63. Ke6 {[%emt 0:00:36]} Kc7 {[%emt 0:00:46]} 64. Kd5 {[%emt 0:00:33]} Rh3 {[%emt 0:00:28]} 65. Kd4 {[%emt 0:00:33]} Kc6 {[%emt 0:00:13]} 66. b4 {[%emt 0:01:45]} Rh4+ {[%emt 0:00:10]} 67. Kc3 {[%emt 0:00:08]} Rh3+ {[%emt 0:00:08]} 68. Kc2 {[%emt 0:00:08]} Rh2+ {[%emt 0:00:58]} 69. Kb3 {[%emt 0:00:06]} Rh3+ {[%emt 0:00:01]} 70. Ka4 {[%emt 0:00:10]} Rc3 {[%emt 0:01:35]} 71. Rf5 {[%emt 0:00:32]} Rxc4 {[%emt 0:00:04]} 72. Rf6+ {[%emt 0:00:12]} Kc7 73. Kb5 {[%emt 0:00:39]} Rg4 {[%emt 0:00:39]} 74. Rc6+ {[%emt 0:00:36]} 1-0

[Event "Chess House GM-Tourney 2019"]
[Site "Aarhus"]
[Date "2019.02.16"]
[Round "8.4"]
[White "Bach, Matthias"]
[Black "Fries-Nielsen, Jens Ove"]
[Result "1/2-1/2"]
[WhiteElo "2307"]
[BlackElo "2371"]
[Annotator "NA"]
[PlyCount "60"]
[EventDate "2019.02.09"]
[EventType "tourn"]
[EventCountry "DEN"]
[SourceTitle "playchess.com"]
[Source "ChessBase"]
[SourceQuality "1"]
[TimeControl "40/5400+30:1800+30"]

1. d4 {[%emt 0:00:00]} Nf6 {[%emt 0:03:12]} 2. c4 {[%emt 0:00:00]} e6 {[%emt 0:00:17]} 3. Nc3 {[%emt 0:01:54]} d5 {[%emt 0:03:25]} 4. Nf3 {[%emt 0:00:39]} Be7 {[%emt 0:00:04]} 5. g3 {[%emt 0:00:29]} O-O {[%emt 0:00:28]} 6. Bg2 {[%emt 0:00:32]} Na6 {[%emt 0:00:14]} 7. O-O {[%emt 0:01:42]} c6 {[%emt 0:00:34]} 8. a3 {[%emt 0:09:03]} b6 {[%emt 0:05:03]} 9. Ne5 {[%emt 0:00:32]} Bb7 {[%emt 0:00:22]} 10. e4 {[%emt 0:21:47]} dxc4 {[%emt 0:02:48]} 11. Nxc4 {[%emt 0:00:35]} b5 {[%emt 0:00:17]} 12. Ne3 {[%emt 0:01:38]} Qb6 {[%emt 0:01:42]} 13. e5 {[%emt 0:08:22]} Nd5 {[%emt 0:00:05]} 14. Ncxd5 {[%emt 0:01:42]} cxd5 {[%emt 0:00:02]} 15. b3 {[%emt 0:03:23]} Rac8 {[%emt 0:01:40]} 16. Bb2 {[%emt 0:00:18]} Nb8 {[%emt 0:00:35]} 17. Qg4 {[%emt 0:03:48]} Nc6 {[%emt 0:02:35]} 18. Rad1 {[%emt 0:00:24]} b4 {[%emt 0:02:03]} 19. a4 {[%emt 0:02:30]} Na5 {[%emt 0:01:45]} 20. f4 {[%emt 0:00:23]} f5 {[%emt 0:00:29]} 21. exf6 {[%emt 0:00:42]} Bxf6 {[%emt 0:00:02]} 22. f5 {[%emt 0:00:24]} exf5 {[%emt 0:35:00]} 23. Rxf5 {[%emt 0:04:15]} Qe6 {[%emt 0:01:35]} 24. Bxd5 {[%emt 0:26:19]} Bxd5 {[%emt 0:00:11]} 25. Nxd5 {[%emt 0:00:10]} Rcd8 {[%emt 0:25:15]} 26. Qf3 {[%emt 0:00:21]} Bg5 {[%emt 0:01:52]} 27. Rxf8+ {[%emt 0:04:29]} Rxf8 {[%emt 0:00:02]} 28. Nf4 {[%emt 0:03:24]} Bxf4 {[%emt 0:00:20]} 29. gxf4 {[%emt 0:00:12]} Qxb3 {[%emt 0:03:32]} 30. Qxb3+ {[%emt 0:00:10]} Nxb3 {[%emt 0:00:09]} 1/2-1/2

[Event "Chess House GM-Tourney 2019"]
[Site "Aarhus"]
[Date "2019.02.16"]
[Round "8.5"]
[White "Kotronias, Vasilios"]
[Black "Zumsande, Martin"]
[Result "1-0"]
[WhiteElo "2486"]
[BlackElo "2492"]
[Annotator "TA"]
[PlyCount "69"]
[EventDate "2019.02.09"]
[EventType "tourn"]
[EventCountry "DEN"]
[SourceTitle "playchess.com"]
[Source "ChessBase"]
[SourceQuality "1"]

{[%evp 23,69,35,34,4,55,23,9,17,26,27,22,15,47,38,72,74,97,94,96,93,243,125,224,252,237,246,294,299,302,307,303,265,320,294,404,401,846,503,582,591,564,387,511,509,1285,1285,29988,29989]} 1. e4 e6 2. d4 d5 3. Nd2 Nc6 4. Ngf3 Nf6 5. e5 Nd7 6. Be2 f6 7. exf6 Qxf6 8. Nf1 Bd6 9. Ne3 O-O 10. O-O Qg6 11. c4 {C04: French Tarrasch: 3...Nc6} (11. Bd3 Qh5 12. h3 Nf6 13. Re1 Bd7 14. c3 Kh8 15. Nf1 Rae8 16. Ng3 Qf7 17. Ng5 Qg8 18. f4 h6 {0-1 (41) Kosteniuk,A (2527)-Hou,Y (2629) Beijing 2013}) 11... Nf6 12. c5 Be7 {LiveBook: 34 Games} 13. g3 {White is slightly better.} b6 (13... Ne4 $11) 14. cxb6 axb6 15. Ne5 $146 ({Predecessor:} 15. Ng2 Ne4 16. Bf4 Bd6 17. Bb5 Ne7 18. Ne5 Bxe5 19. Bxe5 {1-0 (31) Uzumcu,A (2223)-Djordjevic,V (2377) Paracin 2017}) 15... Qe8 $1 ({But not} 15... Nxe5 $6 16. dxe5 Nd7 {[#]} 17. Nxd5 $1 $16 {[%mdl 512]}) 16. Bb5 Bb7 $1 17. Ng2 Bd6 18. Bf4 Ra5 19. a4 $36 {[%mdl 2048] White is really pushing.} Qa8 20. Rc1 Nd8 21. Re1 c5 (21... Bb4 $16 {is a better defense.}) 22. Ng4 (22. Nd7 $18 Bxf4 23. Nxf4 Nxd7 24. Bxd7) 22... Bxf4 (22... Qb8 $16 23. Bxd6 Qxd6) 23. Nxf6+ $18 ({Weaker is} 23. gxf4 Bc6 $11) 23... Rxf6 24. Nxf4 Bc6 25. dxc5 {Threatens to win with b4.} Bxb5 26. axb5 bxc5 27. Rxc5 Qb7 28. Qe2 Ra4 29. Qe5 Nf7 (29... Rc4 $142) 30. Qc3 Rc4 31. Rxc4 dxc4 32. Nxe6 h6 33. Qxc4 Qb6 (33... Nd6 $142 34. Qc6 Qxc6 35. bxc6 Nc8) 34. Qc8+ Kh7 35. Nf8+ {Precision: White = 53%, Black = 27%.} 1-0

[Event "Chess House GM-Tourney 2019"]
[Site "Aarhus"]
[Date "2019.02.17"]
[Round "9.1"]
[White "Bjerre, Jonas Buhl"]
[Black "Thybo, Jesper Sondergaard"]
[Result "1-0"]
[WhiteElo "2432"]
[BlackElo "2517"]
[Annotator "TA"]
[PlyCount "87"]
[EventDate "2019.02.09"]
[EventType "tourn"]
[EventCountry "DEN"]
[SourceTitle "playchess.com"]
[Source "ChessBase"]
[SourceQuality "1"]

{[%evp 26,87,0,11,23,27,29,31,37,0,11,0,0,0,0,1,237,213,227,219,396,368,404,400,506,467,437,497,493,458,844,865,843,852,834,799,881,875,847,808,1254,1270,1253,1264,1074,1069,29975,5922,1512,614,614,612,595,587,579,587,587,555,511,420,883,447,444,444]} 1. e4 c6 2. d4 d5 3. Nc3 dxe4 4. Nxe4 Bf5 5. Ng3 Bg6 6. h4 h6 7. Nf3 Nd7 8. h5 Bh7 9. Bd3 Bxd3 10. Qxd3 e6 11. Bd2 Ngf6 12. O-O-O Be7 13. Kb1 O-O 14. Ne4 Nxe4 {B19: Classical Caro-Kann: 4...Bf5 main line} 15. Qxe4 Nf6 16. Qe2 Qd5 {White is slightly better.} 17. Be3 Qb5 18. Rd3 Bd6 {[#]} (18... Nxh5 $2 19. Ne5 $18) 19. g4 $146 ({Predecessor:} 19. Bd2 Rad8 20. Rh4 c5 21. a4 Qa6 22. dxc5 Bxc5 {0-1 (61) Mista,A (2599)-Piorun,K (2637) Warsaw 2017}) 19... Nxg4 20. Bc1 Qd5 $2 {[#]} (20... Rad8 $11 {and Black stays safe.}) 21. Rg1 $1 $18 {[%mdl 1024] White has strong compensation.} f5 {[#]} 22. Nh4 $1 Kh7 $2 (22... Qe4 {keeps fighting.} 23. Qd2 Nf6 24. Qxh6 Rf7) 23. f3 Nf6 24. Qg2 {[%csl Gg1][%cal Rg2g7]} Rf7 {intending ...f4.} 25. Bxh6 Bf8 26. Bf4 (26. c4 Qxc4 27. Rd2 Rd8 $16) 26... Bd6 27. Bc1 ({Less strong is} 27. Bxd6 Qxd6 28. Ng6 (28. h6 g5 $16) 28... Rc7 $18) 27... f4 (27... Kg8 $142 28. h6 f4) 28. Qg6+ (28. h6 Qh5 $16) 28... Kg8 29. Rg5 Qc4 30. h6 Bf8 {[#]} 31. h7+ $1 {[%mdl 512]} Nxh7 32. Rh5 {[%csl Gh5][%cal Rg6h7]} Nf6 {[#]} 33. Rh8+ $1 {[%mdl 576] Deflection} Kxh8 34. Qxf7 Kh7 35. Ng6 Bd6 36. Rd1 {Intending Rh1+ and mate.} Ng8 37. Rh1+ (37. Bxf4 $142 Bxf4 38. Nxf4) 37... Nh6 38. Nxf4 Bxf4 39. Qxf4 {White threatens Qf7 and mate.} ({Not} 39. Bxf4 Qf1+ 40. Rxf1 Nxf7 $14) 39... Kg8 40. Qh4 Nf7 41. b3 Qb4 42. Rg1 Re8 (42... Qf8 $142 43. Qf6 Nd8) 43. Qf6 {[%csl Gg1][%cal Rf6g7]} Qf8 {[#]} 44. Ba3 $1 {[%mdl 512] Accuracy: White = 71%, Black = 49%.} 1-0

[Event "Chess House GM-Tourney 2019"]
[Site "Aarhus"]
[Date "2019.02.17"]
[Round "9.2"]
[White "Ochsner, Bjorn Moller"]
[Black "Kotronias, Vasilios"]
[Result "0-1"]
[WhiteElo "2476"]
[BlackElo "2486"]
[Annotator "TA"]
[PlyCount "84"]
[EventDate "2019.02.09"]
[EventType "tourn"]
[EventCountry "DEN"]
[SourceTitle "playchess.com"]
[Source "ChessBase"]
[SourceQuality "1"]

{[%evp 20,84,80,58,59,68,65,66,76,23,69,40,47,22,35,0,0,-9,0,0,0,0,0,0,-20,0,-10,0,0,0,0,-3,50,0,15,0,0,0,0,0,0,-160,-24,-27,0,-78,-55,-81,-114,-103,-115,-206,-186,-152,-143,-316,-308,-471,-462,-524,-496,-648,-610,-735,-722,-2710,-2087]} 1. Nf3 Nf6 2. c4 g6 3. Nc3 Bg7 4. e4 d6 5. d4 O-O 6. Be2 e5 7. O-O Nbd7 8. Be3 Re8 9. d5 Nh5 10. Re1 {E94: King's Indian: Classical: 6 Be2 e5 7 0-0: Various Black 7th moves} (10. g3 Bf8 11. Ne1 Ng7 12. Nd3 f5 13. f3 Be7 14. Qd2 Nf6 15. c5 fxe4 16. fxe4 Ng4 17. Bxg4 Bxg4 {½-½ (39) Postny,E (2606)-Vovk,A (2636) Fagernes 2017}) 10... Bf8 11. Nd2 {LiveBook: 9 Games} Nf4 12. Bf1 {White is slightly better.} Nc5 $146 ({Predecessor:} 12... Be7 13. Rc1 Nc5 14. Qc2 a5 15. a3 a4 16. Bxc5 dxc5 17. Nxa4 Qd7 {1-0 (39) Nihal,S (2340)-Petersson,B (2074) Stockholm 2016}) 13. Qc2 a5 14. g3 (14. a3 $16) 14... Nh5 15. Bg2 Bd7 16. b3 f5 17. f3 f4 18. Bf2 fxg3 19. hxg3 Bh6 20. Rab1 Rf8 21. a3 a4 22. b4 Bxd2 $1 23. Qxd2 Nb3 24. Qd3 Qg5 25. Ne2 $1 b5 ({Black should try} 25... Qf6 $11) 26. Be3 Qe7 27. cxb5 Rab8 28. b6 cxb6 29. Kh2 g5 30. Nc1 $2 (30. Rh1 $11) 30... Qf6 (30... g4 $17 31. fxg4 Nf6 32. Nxb3 Nxg4+ 33. Kg1 axb3) 31. Nxb3 $11 {Hoping for Nd2.} axb3 (31... Qh6 $5 {[%cal Rh5f4]} 32. Kg1 axb3 $14) 32. Rxb3 (32. Qd2 $11) 32... Qh6 $17 {White must now prevent ...Nf4+.} 33. Kg1 Nxg3 34. Qd2 Nh5 $1 35. Bxg5 (35. Rc3 $17) 35... Qg6 $19 36. Kf2 {[#]} Kh8 $1 {...Rg8 is the strong threat.} 37. Rg1 $2 {[#]} (37. Rh1 $17) 37... Rg8 $1 38. f4 (38. Rc3 {was called for.} Qxg5 39. Qxg5 Rxg5 40. Rc7) 38... Rbf8 {[%cal Bb8f8,Bf8f4,Bf4g4][%mdl 32] Black is clearly winning.} 39. Ke1 Nxf4 40. Bxf4 Rxf4 (40... exf4 $2 41. Qd4+ Rg7 42. Rf3 $19) 41. Re3 Rg4 42. Re2 Bb5 {Precision: White = 40%, Black = 70%.} 0-1

[Event "Chess House GM-Tourney 2019"]
[Site "Aarhus"]
[Date "2019.02.17"]
[Round "9.3"]
[White "Fries-Nielsen, Jens Ove"]
[Black "Kollars, Dmitrij"]
[Result "1/2-1/2"]
[WhiteElo "2371"]
[BlackElo "2567"]
[Annotator "TA"]
[PlyCount "54"]
[EventDate "2019.02.09"]
[EventType "tourn"]
[EventCountry "DEN"]
[SourceTitle "playchess.com"]
[Source "ChessBase"]
[SourceQuality "1"]

{[%evp 12,54,10,-17,20,19,13,4,21,20,22,0,0,12,0,0,2,8,11,-25,-20,-23,0,0,0,0,0,0,0,2,2,0,0,0,0,0,0,0,0,0,0,0,0,0,0]} 1. d4 Nf6 2. Nc3 d5 3. Bf4 c5 4. e3 a6 5. Nf3 Nc6 6. Ne5 {D00: 1 d4 d5: Unusual lines} (6. dxc5 e6 7. Na4 Bxc5 8. Nxc5 Qa5+ 9. c3 Qxc5 10. Bd3 Qe7 11. Ne5 Nd7 12. Nxc6 bxc6 13. e4 {1-0 (73) Vachier Lagrave,M (2779)-Nakamura,H (2777) chess.com INT 2018}) 6... e6 7. Be2 {LiveBook: 3 Games} (7. Nxc6 {looks sharper.} bxc6 8. Na4 cxd4 9. exd4 Bd6 10. Bxd6 Qxd6 11. Bd3) 7... Bd6 (7... Nxe5 {with more complications.} 8. Bxe5 Bd7 9. O-O Bc6 10. a3 Be7) 8. Nxc6 bxc6 9. Bxd6 Qxd6 10. Na4 cxd4 11. exd4 O-O 12. O-O e5 $146 ({Predecessor:} 12... Nd7 13. c4 {½-½ (46) Romanov,E (2573)-Wagner,D (2575) Berlin 2015}) 13. c4 e4 14. Rc1 {[%cal Ba1c1,Bc1c3,Bc3a3][%mdl 32]} Rb8 15. c5 Qf4 16. Rc3 Bg4 17. Nb6 {The position is equal.} Rfe8 18. h3 {[%cal Re2g4]} Bxe2 19. Qxe2 a5 20. Ra3 e3 $1 21. fxe3 (21. Rxe3 {is more complex.} Qxd4 22. Nd7 Rxe3 23. fxe3 Qxb2 24. Nxf6+ gxf6 25. Qxb2 Rxb2 26. Rxf6 Rxa2 27. Rxc6 Rc2 28. Kh2) 21... Qxd4 $1 22. exd4 Rxe2 23. Rf2 Re1+ 24. Rf1 Re2 25. Rf2 Re1+ 26. Rf1 Re2 27. Rf2 Re1+ {Precision: White = 89%, Black = 74%.} 1/2-1/2

[Event "Chess House GM-Tourney 2019"]
[Site "Aarhus"]
[Date "2019.02.17"]
[Round "9.4"]
[White "Zumsande, Martin"]
[Black "Olsen, Filip Boe"]
[Result "1-0"]
[WhiteElo "2492"]
[BlackElo "2397"]
[Annotator "TA"]
[PlyCount "101"]
[EventDate "2019.02.09"]
[EventType "tourn"]
[EventCountry "DEN"]
[SourceTitle "playchess.com"]
[Source "ChessBase"]
[SourceQuality "1"]

{[%evp 12,101,23,12,20,17,5,9,6,18,32,19,17,17,20,17,4,5,21,21,21,21,21,21,21,21,21,21,22,22,29,29,23,18,34,26,34,23,30,37,31,29,45,27,23,10,36,16,43,31,49,41,35,33,32,39,74,66,76,23,25,28,30,35,33,38,83,79,79,79,79,79,87,81,149,149,149,149,149,149,149,134,127,120,316,248,372,365,503,466,576,429]} 1. e4 c6 2. d4 d5 3. exd5 cxd5 4. Bd3 Nc6 5. c3 Nf6 6. Bf4 Bg4 7. Qb3 e5 {B13: Caro-Kann: Exchange Variation and Panov-Botvinnik Attack} 8. h3 Na5 9. Qc2 exf4 {The position is equal.} 10. hxg4 Nxg4 11. Qe2+ Qe7 12. Nh3 {[#]} f3 $1 {[%mdl 512]} 13. Qxe7+ (13. gxf3 Qxe2+) 13... Bxe7 14. g3 {[#]} Nc6 $146 ({Predecessor:} 14... Nc4 15. Bxc4 dxc4 16. Nd2 Rc8 17. Nxf3 h6 18. a4 Kd7 19. O-O g5 20. Rfe1 b6 21. Kg2 f6 22. Nd2 {½-½ (22) Bacrot,E (2714)-Istratescu,A (2589) Brest 2018}) 15. Nd2 Nf6 16. Kf1 O-O 17. Ng5 {[%cal Rg5h7]} g6 18. Ngxf3 Bd6 19. Kg2 Rfe8 20. Rhe1 a6 21. a4 Kf8 22. Rxe8+ Rxe8 23. Re1 h6 24. Nf1 (24. Rb1 {looks sharper.} Rc8 25. Nf1 Kg7 26. Ne3 h5 27. Be2) 24... Rxe1 25. Nxe1 Ke8 26. Ne3 Kd7 27. Kf3 Ne7 28. Bb1 Kc6 29. Ba2 Nd7 30. Nd3 h5 31. c4 dxc4 32. Bxc4 f6 $1 33. Bf7 b5 34. axb5+ axb5 35. Be8 ({White should play} 35. Nd1 $16) 35... Kc7 $11 36. Ng2 Kd8 37. Bf7 Nf8 38. Ngf4 h4 39. gxh4 Nf5 40. h5 gxh5 41. Ke4 Bxf4 42. Kxf5 $16 {[%mdl 4096] Endgame KBN-KBN} ({Of course not} 42. Kxf4 $6 Ng7 $11) 42... Bd6 (42... Bd2 $142) 43. Bxh5 Ke7 44. Nf4 Bxf4 45. Kxf4 {KB-KN} Ne6+ 46. Ke4 Kd6 47. Be8 f5+ $2 {[#]} (47... Nc7 $16 48. Bh5 Ne6) 48. Ke3 $18 b4 (48... Nc7 $142) 49. Ba4 Ng5 50. Bb3 Kc6 51. Bc2 {Accuracy: White = 73%, Black = 46%.} 1-0